| 000 | 00351nam a22001337a 4500 | ||
|---|---|---|---|
| 008 | 240220b |||||||| |||| 00| 0 eng d | ||
| 020 | _a8466613471 | ||
| 082 |
_aA-N _bRICS |
||
| 100 |
_aRice, Anne _eautor _942174 |
||
| 245 |
_aSangre y oro / _cAnne Rice |
||
| 260 |
_aBarcelona: _bEdiciones B, _c2003 |
||
| 300 |
_a517 páginas; _c23 cm. |
||
| 942 | _2ddc | ||
| 999 |
_c30652 _d17036 |
||